[Event "Irkutsk Region-ch6 (Women)"]
[Site "Irkutsk"]
[Date "2016.11.25"]
[Round "8.2"]
[White "Kiseleva, Alina"]
[Black "Karetnikova, Julia"]
[Result "0-1"]
[WhiteElo "1381"]
[BlackElo "1942"]
[PlyCount "82"]
[EventDate "2016.11.19"]
[EventType "swiss"]
[EventRounds "8"]
[EventCountry "RUS"]
[SourceTitle "EXT 2022"]
[Source "ChessBase"]
[SourceDate "2021.10.06"]
[SourceVersion "1"]
[SourceVersionDate "2021.10.06"]
[SourceQuality "1"]

1. e4 e5 2. Nf3 Nc6 3. d4 exd4 4. Nxd4 Bb4+ 5. c3 Bc5 6. Be3 Bb6 7. Nxc6 bxc6 8. Bxb6 axb6 9. Bd3 Ne7 10. 0-0 Ng6 11. Nd2 Nf4 12. Bc4 0-0 13. Qf3 Qg5 14. Qg3 Qh6 15. Rfe1 d5 16. exd5 cxd5 17. Bb5 Bb7 18. Nf3 c6 19. Bf1 c5 20. Qg5 Qxg5 21. Nxg5 h6 22. Nf3 Ne6 23. a3 d4 24. cxd4 Bxf3 25. gxf3 Nxd4 26. Bg2 Nc2 27. Rac1 Nxe1 28. Rxe1 Rfe8 29. Rc1 Ra4 30. Kf1 Rd4 31. h3 Rd2 32. b4 cxb4 33. axb4 Rb2 34. Kg1 Rxb4 35. Rc2 g5 36. Rc6 Kg7 37. Bf1 Re1 38. Kg2 Rbb1 39. Bc4 Rg1+ 40. Kh2 Rh1+ 41. Kg3 Rbg1# 0-1